Actas del Quinto Congreso Internacional de Estudios Pirenaicos (Record no. 20722)
[ view plain ]
| 000 -LEADER | |
|---|---|
| campo de control de longitud fija | 00863nam a2200181 i 4500 |
| 001 - NÚMERO DE CONTROL | |
| campo de control | 20722 |
| 003 - IDENTIFICADOR DE NÚMERO DE CONTROL | |
| campo de control | ES-MaACL |
| 005 - FECHA Y HORA DE LA ÚLTIMA TRANSACCIÓN | |
| campo de control | 20230906152342.0 |
| 007 - CAMPO FIJO DE DESCRIPCIÓN FÍSICA--INFORMACIÓN GENERAL | |
| campo de control de longitud fija | t| |
| 008 - DATOS DE LONGITUD FIJA--INFORMACIÓN GENERAL | |
| campo de control de longitud fija | 021118s19681969sp ||||1| spa d |
| 111 2# - ENTRADA PRINCIPAL--NOMBRE DE CONGRESO/REUNIÓN | |
| Nombre de congreso/reunión o jurisdicción como elemento de entrada | Congreso Internacional de Estudios Pirenaicos ( |
| Número del congreso/reunión o número de parte o sección | 5º. |
| Fecha del congreso o de la firma del tratado | 1966. |
| Sede del congreso/Lugar de la reunión | Jaca) |
| 9 (RLIN) | 428 |
| 245 10 - MENCIÓN DEL TÍTULO | |
| Título | Actas del Quinto Congreso Internacional de Estudios Pirenaicos |
| Resto del título | : Jaca, Pamplona, 1966. |
| 260 ## - PUBLICACIÓN, DISTRIBUCIÓN, ETC. | |
| Lugar de publicación, distribución, etc. | Jaca : |
| Nombre del editor, distribuidor, etc. | Instituto de Estudios Pirenaicos, |
| Fecha de publicación, distribución, etc. | 1968-1969. |
| 300 ## - DESCRIPCIÓN FÍSICA | |
| Extensión | 3 v. ; |
| Dimensiones | 24 cm. |
| 505 8# - NOTA DE CONTENIDO CON FORMATO | |
| Nota de contenido con formato | T. I. Geología, Morfología y Geofísica -- T. III. Prehistoria, Antropología y Etnología. Geografía, Historia del Arte y Derecho. Filología y Linguística -- T. IV. Actas generales. Crónica. Coloquio sobre la vida y economía pirenaica. Conclusiones |
| 710 2# - ENTRADA AGREGADA--NOMBRE DE ENTIDAD CORPORATIVA | |
| Nombre de entidad corporativa o nombre de jurisdicción como elemento de entrada | Instituto de Estudios Pirenaicos. |
| 9 (RLIN) | 4922 |
| 852 ## - LOCALIZACIÓN | |
| Ubicación | ES-MaACL |
| Número de control de estantería | P-1627 |
| Sublocalización o colección | R.69594 |
| Estatus retirado | Estado de pérdida | Estado de daño | No para préstamo | Biblioteca de origen | Biblioteca actual | Ubicación en estantería | Fecha de adquisición | Fuente de adquisición | Total de préstamos | Signatura topográfica completa | Código de barras | Visto por última vez | Precio de reemplazo | Tipo de ítem Koha |
|---|---|---|---|---|---|---|---|---|---|---|---|---|---|---|
| Biblioteca del Ateneo de Madrid | Biblioteca del Ateneo de Madrid | Depósito 2 | 17/01/2008 | P-1627 | 1021276 | 23/02/2023 | 23/02/2023 | Libro impreso |
